000 00853nas a2200265Ia 4500
001 A07/R086-20739 [r000019895]
003 IT-MiCISF
008 161014c99999999xx |||||||||||| ||und||
040 _aIT-MiCISF
_cIT-MiCISF
041 _aITALIANO
100 _aCappella Anna Wanda
210 _aMedicina e morale
222 _aMedicina e morale
245 0 _aRegolazione naturale della fertilità: il monitor ovarico di Brown
250 _a1a ed.
260 _c1997
501 _bCISF - Centro Internazionale Studi Famiglia - Via Giotto, 36 20145 MILANO (non commercial uses only)
_cCopyright 2016
300 _app. 1119-1128
362 _an. 6, novembre-dicembre [1997]
500 _a Tema: procreazione, metodi-naturali
650 _aPROCREAZIONE
_varticolo
700 _a Saporosi Aurora
942 _cCR
957 _71
999 _a20739
_bSi
_g1
_c244944
_d244944